[Event "Bundesliga 2324"]
[Site "Germany"]
[Date "2023.12.02"]
[Round "3.1"]
[White "Dragnev, Valentin"]
[Black "Gajewski, Grzegorz"]
[Result "1-0"]
[WhiteElo "2586"]
[BlackElo "2561"]
[PlyCount "67"]
[EventDate "2023.10.21"]
[EventType "team-tourn"]
[EventRounds "15"]
[EventCountry "GER"]
[SourceTitle "CB49_2023"]
[SourceDate "2023.12.06"]
[SourceVersion "1"]
[SourceVersionDate "2023.12.06"]
[SourceQuality "1"]
[WhiteTeam "Bayern Muenchen"]
[BlackTeam "Dresden TU"]
[WhiteTeamCountry "GER"]
[BlackTeamCountry "GER"]

1. e4 e5 2. Nf3 Nc6 3. Bc4 Bc5 4. Nc3 Nf6 5. d3 a6 6. Be3 Bb4 7. 0-0 Bxc3 8. bxc3 d5 9. exd5 Nxd5 10. Bc5 Be6 11. Qe1 f6 12. Nd4 Qd7 13. Nxe6 Qxe6 14. a4 0-0-0 15. Rb1 Rhe8 16. Qc1 Na5 17. Qb2 Qc6 18. Bxd5 Rxd5 19. Be3 e4 20. c4 Rh5 21. c5 exd3 22. cxd3 Qxa4 23. d4 Rd5 24. Rfc1 f5 25. Bd2 Kd7 26. Bxa5 Qxa5 27. Qxb7 Rxd4 28. h3 Qa4 29. c6+ Kd6 30. Qb2 Re7 31. Qb8 Rde4 32. Qg8 R4e6 33. Qd8+ Ke5 34. Re1+ 1-0

[Event "POL-ch 80th"]
[Site "Warsaw"]
[Date "2023.04.13"]
[Round "1.2"]
[White "Gajewski, Grzegorz"]
[Black "Licznerski, Lukasz"]
[Result "1/2-1/2"]
[WhiteElo "2594"]
[BlackElo "2456"]
[PlyCount "98"]
[EventDate "2023.04.12"]
[EventType "k.o."]
[EventRounds "4"]
[EventCountry "POL"]
[SourceTitle "CBM 213 Extra"]
[Source "ChessBase"]
[SourceDate "2023.05.31"]
[SourceVersion "1"]
[SourceVersionDate "2023.05.31"]
[SourceQuality "1"]

1. d4 Nf6 2. Nf3 d5 3. Bf4 c5 4. e3 Nc6 5. Nbd2 e6 6. c3 Bd6 7. Bg3 Bxg3 8. hxg3 Qd6 9. Bb5 Bd7 10. Qa4 Ke7 11. dxc5 Qxc5 12. Nb3 Qd6 13. Bxc6 Bxc6 14. Qd4 a5 15. Ne5 h6 16. 0-0-0 a4 17. Nd2 a3 18. b3 Be8 19. Kb1 Rc8 20. Rc1 Qc5 21. Rh4 Qxd4 22. Rxd4 Nd7 23. Nxd7 Bxd7 24. c4 Bc6 25. c5 e5 26. Rb4 Ra8 27. Rb6 Ra5 28. b4 Rb5 29. Rxb5 Bxb5 30. Rc3 Ra8 31. Kc2 g5 32. g4 Ra4 33. Rb3 d4 34. exd4 exd4 35. Rb1 Ra6 36. Nf3 Bc4 37. Nxd4 Bxa2 38. Re1+ Kd7 39. Nb3 Re6 40. Rxe6 Kxe6 41. b5 Kd5 42. c6 bxc6 43. b6 Kd6 44. Nc5 Bc4 45. f3 Be6 46. Kc3 Bd5 47. Kc2 Bc4 48. Kc3 Be6 49. Kc2 Bd5 1/2-1/2

[Event "POL-ch 80th"]
[Site "Warsaw"]
[Date "2023.04.13"]
[Round "1.3"]
[White "Licznerski, Lukasz"]
[Black "Gajewski, Grzegorz"]
[Result "1-0"]
[WhiteElo "2456"]
[BlackElo "2594"]
[PlyCount "142"]
[EventDate "2023.04.12"]
[EventType "k.o."]
[EventRounds "4"]
[EventCountry "POL"]
[SourceTitle "CBM 213 Extra"]
[Source "ChessBase"]
[SourceDate "2023.05.31"]
[SourceVersion "1"]
[SourceVersionDate "2023.05.31"]
[SourceQuality "1"]

1. e4 e5 2. Nf3 Nc6 3. Bb5 a6 4. Bxc6 dxc6 5. 0-0 Qf6 6. d4 exd4 7. Bg5 Qd6 8. Nxd4 Be7 9. Bxe7 Nxe7 10. Nc3 Bd7 11. Nb3 0-0-0 12. Qh5 Ng6 13. Rad1 Qe5 14. Qxe5 Nxe5 15. Nc5 b6 16. Nxd7 Rxd7 17. Rxd7 Kxd7 18. Rd1+ Ke7 19. b3 g5 20. f3 h5 21. Kf2 h4 22. Ne2 c5 23. Nc3 c6 24. Na4 Nd7 25. Rd2 b5 26. Nb2 a5 27. Nd1 Kd8 28. Ne3 Kc7 29. Ng4 c4 30. bxc4 b4 31. e5 Nc5 32. Rd6 Nd7 33. Rd4 Nc5 34. Nf6 a4 35. Ke3 Rb8 36. Ne4 Ne6 37. Rd2 Ra8 38. Rd1 Ra5 39. c5 g4 40. fxg4 Nxc5 41. Nd6 Nd7 42. Nxf7 Nxe5 43. Nxe5 Rxe5+ 44. Kf3 c5 45. Rd2 Kc6 46. Kf4 Rd5 47. Re2 Rd4+ 48. Kf5 Rd5+ 49. Kf6 Rd6+ 50. Kf5 Rd5+ 51. Kf4 Rd4+ 52. Kf3 Rd5 53. h3 c4 54. g3 hxg3 55. Kxg3 Rd1 56. g5 Kd5 57. h4 c3 58. Kf4 Rf1+ 59. Ke3 Rh1 60. Rg2 Rh3+ 61. Ke2 Rxh4 62. g6 Re4+ 63. Kf3 Re8 64. g7 Rg8 65. Ke3 Kc4 66. Rg4+ Kc5 67. Kd3 Rd8+ 68. Ke4 Rg8 69. Kf5 b3 70. cxb3 axb3 71. axb3 Kd5 1-0

[Event "Reykjavik op"]
[Site "Reykjavik"]
[Date "2023.04.03"]
[Round "8"]
[White "Gajewski, Grzegorz"]
[Black "Jaksland, Tim"]
[Result "1-0"]
[WhiteElo "2587"]
[BlackElo "2117"]
[PlyCount "97"]
[EventDate "2023.03.29"]
[EventType "swiss"]
[EventRounds "9"]
[EventCountry "ISL"]
[SourceTitle "EXT 2024"]
[Source "ChessBase"]
[SourceDate "2023.10.10"]
[SourceVersion "1"]
[SourceVersionDate "2023.10.10"]
[SourceQuality "1"]

1. d4 Nf6 2. Nf3 e6 3. c4 d5 4. Nc3 Bb4 5. Qa4+ Nc6 6. a3 Bxc3+ 7. bxc3 Ne4 8. Bf4 0-0 9. e3 Nxc3 10. Qc2 Ne4 11. Bd3 f5 12. h4 h6 13. Rc1 a6 14. Ne5 Nxe5 15. Bxe5 c6 16. c5 Qe8 17. f3 Nf6 18. Rb1 Nd7 19. Bd6 Rf6 20. Qc3 Qd8 21. g4 Rf7 22. Ke2 Nf8 23. gxf5 exf5 24. Bg3 Qe8 25. Kd2 Be6 26. Rhg1 Rd8 27. Kc2 Bc8 28. Qd2 Kh8 29. Be5 Re7 30. Qg2 Qf7 31. Qh2 Ne6 32. Rg2 Rg8 33. Rbg1 Qh5 34. Rg6 Nf8 35. R6g2 Ne6 36. Kc3 Bd7 37. f4 Qf7 38. Rg6 Kh7 39. Qh3 Rf8 40. Bf6 gxf6 41. Qxf5 Ng5 42. Rxh6+ Kg8 43. hxg5 Qg7 44. Qg6 fxg5 45. Qh5 Be8 46. Qxg5 Qxg5 47. Rxg5+ Rg7 48. Rxg7+ Kxg7 49. Rh7+ 1-0

[Event "Reykjavik op"]
[Site "Reykjavik"]
[Date "2023.04.01"]
[Round "5"]
[White "Gajewski, Grzegorz"]
[Black "Murphy, Hugh"]
[Result "1-0"]
[WhiteElo "2587"]
[BlackElo "2100"]
[PlyCount "73"]
[EventDate "2023.03.29"]
[EventType "swiss"]
[EventRounds "9"]
[EventCountry "ISL"]
[SourceTitle "CBM 213 Extra"]
[Source "ChessBase"]
[SourceDate "2023.05.31"]
[SourceVersion "1"]
[SourceVersionDate "2023.05.31"]
[SourceQuality "1"]

1. Nf3 Nf6 2. c4 e6 3. g3 a6 4. Bg2 b5 5. Ne5 c6 6. b3 Bb7 7. d4 Bb4+ 8. Bd2 Bxd2+ 9. Nxd2 d6 10. Nd3 Nbd7 11. b4 0-0 12. 0-0 Qe7 13. c5 dxc5 14. Nxc5 Nxc5 15. dxc5 a5 16. a3 Nd5 17. Qb3 axb4 18. axb4 Qf6 19. Rxa8 Rxa8 20. Ne4 Qd4 21. Nd6 Bc8 22. e3 Qf6 23. e4 Qc3 24. Rb1 Qxb3 25. Rxb3 Nf6 26. e5 Nd5 27. h3 Bd7 28. Bxd5 exd5 29. g4 f6 30. exf6 gxf6 31. Rf3 Kg7 32. Kg2 h6 33. Kg3 Ra1 34. Rb3 Kg6 35. Re3 Ra8 36. Re7 Rd8 37. Nb7 1-0

[Event "Reykjavik op"]
[Site "Reykjavik"]
[Date "2023.03.31"]
[Round "4"]
[White "Belenkaya, Dina"]
[Black "Gajewski, Grzegorz"]
[Result "1-0"]
[WhiteElo "2300"]
[BlackElo "2587"]
[PlyCount "61"]
[EventDate "2023.03.29"]
[EventType "swiss"]
[EventRounds "9"]
[EventCountry "ISL"]
[SourceTitle "CBM 213 Extra"]
[Source "ChessBase"]
[SourceDate "2023.05.31"]
[SourceVersion "1"]
[SourceVersionDate "2023.05.31"]
[SourceQuality "1"]

1. e4 c5 2. Nf3 e6 3. Nc3 a6 4. g3 b5 5. Bg2 Bb7 6. d4 cxd4 7. Nxd4 b4 8. Na4 Nf6 9. 0-0 Bxe4 10. Bxe4 Nxe4 11. c4 Be7 12. Re1 f5 13. f3 Nf6 14. Bg5 Kf7 15. Qe2 Kg6 16. g4 Kxg5 17. gxf5 Kh6 18. fxe6 Qa5 19. c5 Nc6 20. Nf5+ Kg5 21. h4+ Kxf5 22. Qd3+ Ne4 23. Qxe4+ Kf6 24. Qf4+ Kg6 25. Kh1 h6 26. Rg1+ Bg5 27. Rxg5+ hxg5 28. Qxg5+ Kh7 29. Qh5+ Kg8 30. Qf7+ Kh7 31. Rg1 1-0

[Event "Reykjavik op"]
[Site "Reykjavik"]
[Date "2023.03.30"]
[Round "2"]
[White "Tulendinov, Dinmukhammed"]
[Black "Gajewski, Grzegorz"]
[Result "0-1"]
[WhiteElo "2048"]
[BlackElo "2587"]
[PlyCount "52"]
[EventDate "2023.03.29"]
[EventType "swiss"]
[EventRounds "9"]
[EventCountry "ISL"]
[SourceTitle "CBM 213 Extra"]
[Source "ChessBase"]
[SourceDate "2023.05.31"]
[SourceVersion "1"]
[SourceVersionDate "2023.05.31"]
[SourceQuality "1"]

1. e4 c5 2. Nc3 d6 3. g3 Nc6 4. Bg2 g6 5. d3 Bg7 6. Nge2 Nf6 7. 0-0 0-0 8. f4 Rb8 9. h3 Bd7 10. g4 b5 11. g5 Nh5 12. Kh2 Nd4 13. Nxd4 cxd4 14. Ne2 Rc8 15. Bd2 e5 16. Bf3 Nxf4 17. Nxf4 exf4 18. Bxf4 Rc5 19. Bxd6 Rxg5 20. Bf4 Be5 21. Bxe5 Rxe5 22. Bg4 Bxg4 23. hxg4 Qh4+ 24. Kg2 Rg5 25. Rf4 f5 26. exf5 Rfxf5 0-1

[Event "ISL-chT Kvika 2223"]
[Site "Reykjavik"]
[Date "2023.03.19"]
[Round "10.3"]
[White "Cheparinov, Ivan"]
[Black "Gajewski, Grzegorz"]
[Result "1/2-1/2"]
[WhiteElo "2661"]
[BlackElo "2587"]
[PlyCount "81"]
[EventDate "2022.10.13"]
[EventType "team-tourn"]
[EventRounds "10"]
[EventCountry "ISL"]
[SourceTitle "CBM 213 Extra"]
[Source "ChessBase"]
[SourceDate "2023.05.31"]
[SourceVersion "1"]
[SourceVersionDate "2023.05.31"]
[SourceQuality "1"]
[WhiteTeam "Taflfelag Gardjabaejar"]
[BlackTeam "Vikingaklubburinn"]
[WhiteTeamCountry "ISL"]
[BlackTeamCountry "ISL"]

1. d4 Nf6 2. c4 e6 3. Nf3 d5 4. g3 Bb4+ 5. Bd2 Be7 6. Bg2 0-0 7. 0-0 Nbd7 8. Qc2 c6 9. Bf4 b6 10. Nbd2 Bb7 11. e4 dxe4 12. Nxe4 Nxe4 13. Qxe4 Nf6 14. Qe2 c5 15. Rfd1 cxd4 16. Rxd4 Qc8 17. Ne5 Bxg2 18. Kxg2 Qb7+ 19. Qf3 Qxf3+ 20. Kxf3 Rfc8 21. Rad1 Kf8 22. g4 Ke8 23. b3 Ng8 24. R4d2 f6 25. Nd3 Rc6 26. Be3 Rd8 27. a4 Rcd6 28. b4 g5 29. Ke2 f5 30. c5 bxc5 31. Bxc5 Rd5 32. gxf5 exf5 33. Bxa7 Ra8 34. Bc5 Rxa4 35. Nb2 Rxd2+ 36. Rxd2 Ra6 37. Nc4 Nf6 38. Nd6+ Bxd6 39. Rxd6 Rxd6 40. Bxd6 Kd7 41. Bf8 1/2-1/2

[Event "Bundesliga 2223"]
[Site "Germany"]
[Date "2022.11.26"]
[Round "3.3"]
[White "Bjerre, Jonas Buhl"]
[Black "Gajewski, Grzegorz"]
[Result "1/2-1/2"]
[WhiteElo "2612"]
[BlackElo "2589"]
[PlyCount "113"]
[EventDate "2022.10.21"]
[EventType "team-tourn"]
[EventRounds "15"]
[EventCountry "GER"]
[SourceTitle "CBM 211"]
[Source "ChessBase"]
[SourceDate "2022.12.31"]
[SourceVersion "1"]
[SourceVersionDate "2022.12.31"]
[SourceQuality "1"]
[WhiteTeam "Kiel Turm"]
[BlackTeam "Dresden TU"]
[WhiteTeamCountry "GER"]
[BlackTeamCountry "GER"]

1. d4 Nf6 2. c4 e6 3. Nf3 d5 4. Nc3 Bb4 5. Qa4+ Nc6 6. e3 0-0 7. Qc2 Bd6 8. a3 dxc4 9. Bxc4 e5 10. h3 Bd7 11. 0-0 exd4 12. exd4 Qc8 13. Bg5 Bxh3 14. Bxf6 gxf6 15. Ne4 Kh8 16. Nxf6 Qf5 17. Qxf5 Bxf5 18. Rfe1 Rad8 19. Bd5 Kg7 20. Nh5+ Kh6 21. Bxc6 bxc6 22. Ng3 Bxg3 23. fxg3 Bg4 24. Re4 Bxf3 25. gxf3 c5 26. dxc5 Rd2 27. b4 Rfd8 28. Rae1 Ra2 29. R1e2 Rxa3 30. Rg4 Rd1+ 31. Kg2 a5 32. bxa5 Rxa5 33. Rc4 Rd5 34. c6 Rac5 35. Rf4 Kg6 36. Rg4+ Kf6 37. Rf4+ Rf5 38. Rxf5+ Rxf5 39. Rc2 Ke6 40. g4 Rd5 41. Kg3 h5 42. Rh2 hxg4 43. fxg4 Rc5 44. Rh6+ f6 45. Kf3 Rc3+ 46. Ke4 Rc4+ 47. Kf3 Ke5 48. Rh5+ Ke6 49. Rh6 Rxc6 50. g5 Kf7 51. Rxf6+ Rxf6+ 52. gxf6 Kxf6 53. Kf4 Ke6 54. Ke4 Kd6 55. Kd4 c5+ 56. Kc4 Kd7 57. Kxc5 1/2-1/2

[Event "Titled Tuesday intern op 11th Oct Late"]
[Site "Chess.com INT"]
[Date "2022.10.11"]
[Round "2"]
[White "Yurovskich, Oleksandr"]
[Black "Gajewski, Grzegorz"]
[Result "0-1"]
[WhiteElo "2328"]
[BlackElo "2589"]
[PlyCount "48"]
[EventDate "2022.10.11"]
[EventType "swiss (blitz)"]
[EventRounds "11"]
[EventCountry "USA"]
[SourceTitle "EXT 2024"]
[Source "ChessBase"]
[SourceDate "2023.10.10"]
[SourceVersion "1"]
[SourceVersionDate "2023.10.10"]
[SourceQuality "1"]

1. d4 Nf6 2. Nf3 d5 3. c3 e6 4. Bf4 c5 5. e3 Qb6 6. Qb3 c4 7. Qxb6 axb6 8. Nbd2 b5 9. Bxb8 Rxb8 10. a3 g6 11. g3 Bg7 12. Bg2 0-0 13. 0-0-0 Ng4 14. Rhf1 f6 15. h3 Nh6 16. e4 dxe4 17. Nxe4 Nf7 18. Rfe1 b6 19. h4 h6 20. Bh3 Bd7 21. Re2 f5 22. Ned2 g5 23. hxg5 hxg5 24. Bg2 g4 0-1

[Event "POL-chT Ekstraliga"]
[Site "Bydgoszcz"]
[Date "2022.09.07"]
[Round "5.4"]
[White "Nguyen, Piotr"]
[Black "Gajewski, Grzegorz"]
[Result "1/2-1/2"]
[WhiteElo "2421"]
[BlackElo "2589"]
[PlyCount "57"]
[EventDate "2022.09.03"]
[EventType "team-tourn"]
[EventRounds "9"]
[EventCountry "POL"]
[SourceTitle "CBM 210 Extra"]
[Source "ChessBase"]
[SourceDate "2022.11.30"]
[SourceVersion "1"]
[SourceVersionDate "2022.11.30"]
[SourceQuality "1"]
[WhiteTeam "Krakow Dwie Wieze"]
[BlackTeam "Katowice Wasko"]
[WhiteTeamCountry "POL"]
[BlackTeamCountry "POL"]

1. Nf3 d5 2. c4 e6 3. g3 d4 4. Bg2 Nc6 5. 0-0 Nh6 6. Na3 Nf5 7. e4 Nfe7 8. d3 Ng6 9. Nc2 e5 10. Bd2 a5 11. a3 a4 12. Nb4 Bd7 13. b3 axb3 14. Nxc6 Bxc6 15. Qxb3 Bc5 16. h4 Qe7 17. Bh3 Nf8 18. a4 Nd7 19. a5 0-0 20. Bxd7 Bxd7 21. Qxb7 Bg4 22. Kg2 Rab8 23. Qd5 c6 24. Qxc6 Rb3 25. Ne1 Bd7 26. Qd5 Be6 27. Qc6 Bd7 28. Qd5 Be6 29. Qc6 1/2-1/2

[Event "POL-chT Ekstraliga"]
[Site "Bydgoszcz"]
[Date "2022.09.04"]
[Round "2.1"]
[White "Gajewski, Grzegorz"]
[Black "Teclaf, Pawel"]
[Result "1/2-1/2"]
[WhiteElo "2589"]
[BlackElo "2547"]
[PlyCount "40"]
[EventDate "2022.09.03"]
[EventType "team-tourn"]
[EventRounds "9"]
[EventCountry "POL"]
[SourceTitle "CBM 210 Extra"]
[Source "ChessBase"]
[SourceDate "2022.11.30"]
[SourceVersion "1"]
[SourceVersionDate "2022.11.30"]
[SourceQuality "1"]
[WhiteTeam "Katowice Wasko"]
[BlackTeam "Bydgoszcz Energia Gwiazda"]
[WhiteTeamCountry "POL"]
[BlackTeamCountry "POL"]

1. d4 d5 2. c4 dxc4 3. Nf3 a6 4. e3 Nf6 5. Bxc4 e6 6. 0-0 c5 7. Be2 Bd7 8. b3 cxd4 9. Nxd4 Nc6 10. Nf3 Be7 11. Bb2 0-0 12. Nbd2 Rc8 13. a3 Qc7 14. b4 Rfd8 15. Qb1 Be8 16. Rc1 Qb8 17. Ne4 Ng4 18. h3 Nge5 19. Neg5 g6 20. Ne4 Nxf3+ 1/2-1/2

[Event "POL-ch Lotto Loser Final 79th"]
[Site "Kruszwica"]
[Date "2022.05.15"]
[Round "3.3"]
[White "Gajewski, Grzegorz"]
[Black "Licznerski, Lukasz"]
[Result "1/2-1/2"]
[WhiteElo "2589"]
[BlackElo "2439"]
[PlyCount "161"]
[EventDate "2022.05.15"]
[EventType "tourn (rapid)"]
[EventRounds "10"]
[EventCountry "POL"]
[EventCategory "13"]
[SourceTitle "CBM 208 Extra"]
[Source "ChessBase"]
[SourceDate "2022.07.31"]
[SourceVersion "1"]
[SourceVersionDate "2022.07.31"]
[SourceQuality "1"]

1. c4 Nf6 2. Nc3 d5 3. cxd5 Nxd5 4. g3 g6 5. Bg2 Nb6 6. d3 Bg7 7. Bd2 Nc6 8. Bxc6+ bxc6 9. Qc1 h5 10. Ne4 Qd5 11. Bc3 f6 12. Nf3 Bg4 13. Qe3 0-0 14. h3 Bf5 15. g4 hxg4 16. hxg4 Bxg4 17. Rg1 Bf5 18. Nh4 Kf7 19. Ng3 Rg8 20. Ngxf5 gxf5 21. Ng6 Qe6 22. Qh3 Nd5 23. Qh5 Ke8 24. Nf4+ Qf7 25. Qxf5 Nxf4 26. Qxf4 Kd7 27. Kd2 Bf8 28. Qd4+ Kc8 29. Qa4 Kd7 30. Qd4+ Kc8 31. Kc2 e5 32. Qe4 Rxg1 33. Rxg1 Kb7 34. Qc4 Qxc4 35. dxc4 Bd6 36. Rg6 Rf8 37. f3 c5 38. Be1 Kc6 39. Kd3 Kd7 40. Rg7+ Ke6 41. Ba5 Rc8 42. Rh7 Be7 43. Ke3 c6 44. b3 Rg8 45. Bc3 Rd8 46. Rg7 Rh8 47. Kd3 Rd8+ 48. Kc2 Rh8 49. Bd2 Rd8 50. Be3 a6 51. Rh7 Rg8 52. Bd2 Rd8 53. Bc3 Rg8 54. Ba5 Rg2 55. Kd2 Rg8 56. Kd3 Rb8 57. Ke3 Rg8 58. Kf2 Rb8 59. e4 Rg8 60. Bd2 Rb8 61. f4 exf4 62. Bxf4 Rg8 63. Be3 Bd6 64. Rh5 Bg3+ 65. Kf3 Be5 66. Bxc5 Rg3+ 67. Kf2 Rc3 68. Rh7 Bd6 69. Bd4 Rc2+ 70. Kf3 Rxa2 71. Rh6 Be5 72. Bxe5 Kxe5 73. Ke3 Rg2 74. Rh5+ Rg5 75. Rh3 c5 76. Rf3 a5 77. Kd3 Rh5 78. Ke3 Rg5 79. Kd3 Rh5 80. Ke3 Rg5 81. Kd3 1/2-1/2

[Event "POL-ch Lotto Loser Final 79th"]
[Site "Kruszwica"]
[Date "2022.05.15"]
[Round "4.2"]
[White "Gajewski, Grzegorz"]
[Black "Moranda, Wojciech"]
[Result "0-1"]
[WhiteElo "2589"]
[BlackElo "2630"]
[PlyCount "60"]
[EventDate "2022.05.15"]
[EventType "tourn (rapid)"]
[EventRounds "10"]
[EventCountry "POL"]
[EventCategory "13"]
[SourceTitle "CBM 208 Extra"]
[Source "ChessBase"]
[SourceDate "2022.07.31"]
[SourceVersion "1"]
[SourceVersionDate "2022.07.31"]
[SourceQuality "1"]

1. e4 c6 2. d4 d5 3. e5 Bf5 4. h4 h6 5. g4 Be4 6. f3 Bh7 7. Bd3 Bxd3 8. Qxd3 e6 9. h5 c5 10. c3 Qb6 11. Ne2 Nd7 12. Na3 Ne7 13. Nc2 Nc6 14. f4 0-0-0 15. Rb1 Kb8 16. b4 cxb4 17. cxb4 Rc8 18. Bd2 Na5 19. a4 Nc4 20. a5 Qc7 21. Nc3 Be7 22. Rh3 f6 23. f5 fxe5 24. fxe6 e4 25. Qe2 Nf6 26. g5 Nxd2 27. gxf6 Nf3+ 28. Rxf3 exf3 29. Nxd5 fxe2 30. Nxc7 Rxc7 0-1

[Event "POL-ch Lotto Loser Final 79th"]
[Site "Kruszwica"]
[Date "2022.05.15"]
[Round "5.2"]
[White "Socko, Bartosz"]
[Black "Gajewski, Grzegorz"]
[Result "1-0"]
[WhiteElo "2636"]
[BlackElo "2589"]
[PlyCount "193"]
[EventDate "2022.05.15"]
[EventType "tourn (rapid)"]
[EventRounds "10"]
[EventCountry "POL"]
[EventCategory "13"]
[SourceTitle "CBM 208 Extra"]
[Source "ChessBase"]
[SourceDate "2022.07.31"]
[SourceVersion "1"]
[SourceVersionDate "2022.07.31"]
[SourceQuality "1"]

1. d4 Nf6 2. Nf3 d5 3. c4 e6 4. g3 Bb4+ 5. Bd2 Be7 6. Qb3 0-0 7. Bg2 Nbd7 8. 0-0 c6 9. Rc1 a5 10. a4 h6 11. Na3 Ne4 12. Be1 f5 13. Nc2 Bd6 14. Ne3 Qe8 15. Nd2 Ndf6 16. Nxe4 Nxe4 17. Qd3 Qh5 18. Nf1 Ng5 19. Rab1 f4 20. gxf4 Rxf4 21. f3 e5 22. cxd5 e4 23. Ng3 exd3 24. Nxh5 Rxd4 25. exd3 Rxd5 26. Ng3 Rxd3 27. Rd1 Bc5+ 28. Bf2 Bxf2+ 29. Kxf2 Rxd1 30. Rxd1 Be6 31. f4 Rf8 32. Ke3 Nh7 33. Rd6 Re8 34. Kd4 Nf6 35. Ne4 Nxe4 36. Bxe4 Kf7 37. Kc5 Ke7 38. Rd4 Rf8 39. Bh1 g5 40. fxg5 hxg5 41. Kb6 Rf4 42. Rd2 Rb4+ 43. Kc7 Rxa4 44. Kxb7 c5 45. Kc6 c4 46. Re2 Kf6 47. Kd6 Bf5 48. Rf2 c3 49. bxc3 Rc4 50. Bd5 Rf4 51. Ra2 Rh4 52. c4 Rh8 53. Rf2 Rd8+ 54. Kc7 Rd7+ 55. Kc6 Re7 56. c5 a4 57. Kb6 a3 58. c6 Ke5 59. c7 Bc8 60. Bb7 Re6+ 61. Ka7 Bd7 62. Rd2 a2 63. Rxa2 Kd6 64. Rc2 Re3 65. c8Q Bxc8 66. Bxc8 Ke5 67. h3 Ra3+ 68. Kb6 Kf6 69. Bg4 Rd3 70. Kc5 Kg7 71. Ra2 Rd8 72. Ra7+ Kg6 73. Ra6+ Kg7 74. Bf5 Kf7 75. Bg4 Kg7 76. Kc4 Kf7 77. Bh5+ Kg7 78. Rg6+ Kh7 79. Rxg5 Kh6 80. Re5 Rd7 81. Bf3 Rd6 82. Bd5 Rd8 83. Kd4 Rd6 84. Ke4 Rf6 85. Be6 Rf1 86. Ra5 Re1+ 87. Kf5 Rf1+ 88. Kg4 Rg1+ 89. Kh4 Re1 90. Bf5 Re2 91. Ra6+ Kg7 92. Kg5 Rg2+ 93. Bg4 Rf2 94. h4 Rf7 95. Bf5 Rc7 96. Ra8 Rf7 97. h5 1-0

[Event "POL-ch Lotto Loser Final 79th"]
[Site "Kruszwica"]
[Date "2022.05.15"]
[Round "1.3"]
[White "Tomczak, Jacek"]
[Black "Gajewski, Grzegorz"]
[Result "1-0"]
[WhiteElo "2584"]
[BlackElo "2589"]
[PlyCount "61"]
[EventDate "2022.05.15"]
[EventType "tourn (rapid)"]
[EventRounds "10"]
[EventCountry "POL"]
[EventCategory "13"]
[SourceTitle "CBM 208 Extra"]
[Source "ChessBase"]
[SourceDate "2022.07.31"]
[SourceVersion "1"]
[SourceVersionDate "2022.07.31"]
[SourceQuality "1"]

1. e4 c5 2. Nf3 d6 3. c3 Nf6 4. Be2 g6 5. 0-0 Bg7 6. Bb5+ Nc6 7. Re1 0-0 8. h3 Qb6 9. a4 e5 10. Na3 a6 11. Bc4 Na5 12. d3 Nxc4 13. Nxc4 Qc6 14. a5 Be6 15. Nb6 Rae8 16. c4 Nd7 17. Nd5 h6 18. Bd2 f5 19. Rb1 Rf7 20. Nh4 Kh7 21. exf5 gxf5 22. Qh5 Nf8 23. b4 cxb4 24. Rxb4 Qd7 25. Rb6 Bxd5 26. cxd5 e4 27. Bxh6 Bxh6 28. Rxd6 Qxd6 29. Qxf7+ Kh8 30. Qxe8 exd3 31. Nxf5 1-0

[Event "POL-ch Lotto 79th"]
[Site "Kruszwica"]
[Date "2022.05.11"]
[Round "2.1"]
[White "Gajewski, Grzegorz"]
[Black "Wojtaszek, Radoslaw"]
[Result "0-1"]
[WhiteElo "2589"]
[BlackElo "2696"]
[PlyCount "190"]
[EventDate "2022.05.09"]
[EventType "k.o."]
[EventRounds "4"]
[EventCountry "POL"]
[SourceTitle "CBM 208 Extra"]
[Source "ChessBase"]
[SourceDate "2022.07.31"]
[SourceVersion "1"]
[SourceVersionDate "2022.07.31"]
[SourceQuality "1"]

1. e4 e5 2. Nf3 Nc6 3. Bc4 Nf6 4. d3 Be7 5. 0-0 0-0 6. Re1 d6 7. a3 Nd7 8. Nc3 Nb6 9. Ba2 Kh8 10. b4 Bg4 11. h3 Bxf3 12. Qxf3 Nd4 13. Qd1 Bg5 14. Be3 c6 15. Rf1 Bf6 16. Rb1 d5 17. Qd2 Ne6 18. Bxb6 axb6 19. exd5 Nf4 20. dxc6 Rxa3 21. Rb3 Rxb3 22. Bxb3 bxc6 23. Qe3 Qc7 24. Qe4 Be7 25. b5 cxb5 26. Nxb5 Qc5 27. Bc4 f5 28. Qb7 Bh4 29. Qf3 Bg5 30. Re1 e4 31. Qg3 Bh6 32. Kf1 Qb4 33. Nd4 Qc3 34. Ne6 Nxe6 35. Bxe6 f4 36. Qh4 e3 37. Qe7 g6 38. Bg4 Qxc2 39. Be2 Qb2 40. Qe4 Bg7 41. Qf3 exf2 42. Qxf2 Bd4 43. Qf3 Bc5 44. Qe4 Rf5 45. Qa8+ Kg7 46. Qa1 Qxa1 47. Rxa1 Be3 48. Ra7+ Rf7 49. Rxf7+ Kxf7 50. d4 Bxd4 51. Bc4+ Kf6 52. Ke2 Ke5 53. Bg8 h6 54. Bf7 g5 55. Be8 Kd5 56. Kf3 Kc5 57. Ke4 Bf2 58. Bf7 b5 59. Kd3 Kd6 60. Ke4 Ke7 61. Bh5 b4 62. Bd1 Kf6 63. Ba4 Be1 64. Bd1 Kg6 65. Ke5 Bg3 66. Ke4 Bf2 67. Ke5 Bb6 68. Ke4 Bc7 69. Kd5 Bd8 70. Ke4 Be7 71. Ke5 Bf8 72. Ke4 Bg7 73. Kd5 Bc3 74. Ke4 Kf6 75. Bb3 Be1 76. Bd1 Ke6 77. Bb3+ Kd6 78. Bd1 Kc5 79. Bb3 Kb5 80. Kd3 Kc5 81. Ke4 Bf2 82. Kd3 Kd6 83. Ke4 Bb6 84. Kf5 Bd8 85. Kg6 Ke5 86. Kxh6 Kd4 87. Kh5 Kc3 88. Be6 b3 89. Kg4 b2 90. Bf5 Kd2 91. Bg6 Ke3 92. Bb1 Be7 93. Bg6 Kf2 94. Be4 Bd8 95. h4 Ke3 0-1

[Event "POL-ch Lotto 79th"]
[Site "Kruszwica"]
[Date "2022.05.10"]
[Round "1.2"]
[White "Janik, Igor"]
[Black "Gajewski, Grzegorz"]
[Result "1/2-1/2"]
[WhiteElo "2525"]
[BlackElo "2589"]
[PlyCount "108"]
[EventDate "2022.05.09"]
[EventType "k.o."]
[EventRounds "4"]
[EventCountry "POL"]
[SourceTitle "CBM 208 Extra"]
[Source "ChessBase"]
[SourceDate "2022.07.31"]
[SourceVersion "1"]
[SourceVersionDate "2022.07.31"]
[SourceQuality "1"]

1. e4 e5 2. Nf3 Nc6 3. Bc4 Bc5 4. b4 Bxb4 5. c3 Ba5 6. d4 d6 7. Qb3 Qd7 8. 0-0 Bb6 9. Nbd2 Na5 10. Qb1 Ne7 11. dxe5 Nxc4 12. Nxc4 Qc6 13. exd6 Qxc4 14. dxe7 Bc5 15. Ne5 Qa4 16. Bg5 f6 17. Nd3 Bxe7 18. Bf4 Qc4 19. Rd1 0-0 20. Qb3 Qxb3 21. axb3 Be6 22. c4 c6 23. Be3 Rfd8 24. Nf4 Bf7 25. Rxd8+ Rxd8 26. Bxa7 Ra8 27. Bd4 Rxa1+ 28. Bxa1 b5 29. cxb5 cxb5 30. Nd5 Bxd5 31. exd5 Bc5 32. g4 Kf7 33. Kg2 Ke7 34. Kf3 Kd6 35. Ke4 Bxf2 36. Bb2 Kd7 37. Ba3 g6 38. Bb2 Ke7 39. Bc3 Bh4 40. Bb4+ Kd7 41. Bc5 Be1 42. Be3 Bb4 43. h4 Be7 44. Bf2 Bd6 45. Be1 Ke7 46. Kd4 Kf7 47. h5 Ke7 48. Ba5 Kd7 49. Bb6 Ke7 50. Bc5 Kd7 51. Bxd6 Kxd6 52. b4 f5 53. gxf5 gxf5 54. h6 f4 1/2-1/2